Proceedings of the World Bank Annual Conference on Development Economics 1993 : (Record no. 8215)
[ view plain ]
| 000 -LEADER | |
|---|---|
| fixed length control field | 00995nam a22002412 4500 |
| 001 - CONTROL NUMBER | |
| control field | 0000012185 |
| 005 - DATE AND TIME OF LATEST TRANSACTION | |
| control field | 20151217152108.0 |
| 008 - FIXED-LENGTH DATA ELEMENTS--GENERAL INFORMATION | |
| fixed length control field | 090213s xx 000 0 eng d |
| 020 ## - INTERNATIONAL STANDARD BOOK NUMBER | |
| International Standard Book Number | 0821325582 : |
| 040 ## - CATALOGING SOURCE | |
| Original cataloging agency | KABU |
| Transcribing agency | KABU |
| 111 2# - MAIN ENTRY--MEETING NAME | |
| Meeting name or jurisdiction name as entry element | World Bank Annual Coference on Development Economics |
| Location of meeting | Washington, D. C : |
| Date of meeting | 1993. |
| -- | 0000168429 |
| 245 10 - TITLE STATEMENT | |
| Title | Proceedings of the World Bank Annual Conference on Development Economics 1993 : |
| Remainder of title | supplement to the World Bank Economic Review and the World Bank Research Observer / |
| Statement of responsibility, etc. | editors, Michael Bruno and Boris Pleskovic. |
| 250 ## - EDITION STATEMENT | |
| Edition statement | 1st ed. |
| 260 ## - PUBLICATION, DISTRIBUTION, ETC. (IMPRINT) | |
| Place of publication, distribution, etc. | Washington, D. C. : |
| Name of publisher, distributor, etc. | World Bank, |
| Date of publication, distribution, etc. | 1994. |
| 300 ## - PHYSICAL DESCRIPTION | |
| Extent | 489 p. |
| 651 #0 - SUBJECT ADDED ENTRY--GEOGRAPHIC NAME | |
| Geographic name | Developing countries |
| General subdivision | Economic conditions. |
| -- | 0000150056 |
| 651 #0 - SUBJECT ADDED ENTRY--GEOGRAPHIC NAME | |
| Geographic name | Developing countries |
| General subdivision | Economic policy. |
| -- | 0000150057 |
| 700 1# - ADDED ENTRY--PERSONAL NAME | |
| Personal name | Bruno, Michael. |
| -- | 0000163457 |
| 700 1# - ADDED ENTRY--PERSONAL NAME | |
| Personal name | Pleskovic, Boris. |
| -- | 0000157968 |
| 852 1# - LOCATION | |
| -- | p500 KES |
| 908 ## - PUT COMMAND PARAMETER (RLIN) | |
| Put command parameter | 090213 |
| 950 ## - LOCAL HOLDINGS (RLIN) | |
| -- | 1 |
| Withdrawn status | Lost status | Source of classification or shelving scheme | Not for loan | Home library | Current library | Date acquired | Total Checkouts | Full call number | Barcode | Date last seen | Price effective from | Koha item type |
|---|---|---|---|---|---|---|---|---|---|---|---|---|
| Library of Congress Classification | Kabarak, Main Campus | Kabarak, Main Campus | 17/12/2015 | HC59.69 .W67 1994 c. 1 | 16604 | 02/08/2024 | 17/12/2015 | General Collection |